| 000 | 01123cam a22003257a 4500 | ||
|---|---|---|---|
| 003 | CHAP | ||
| 005 | 20220817043644.0 | ||
| 008 | 000405d1989 mx a r 00010 eng d | ||
| 010 | _a80706 | ||
| 011 | _a81678 | ||
| 020 | _a9686127313 | ||
| 035 | _a92154 | ||
| 040 | _cCHAP | ||
| 082 | 0 | 4 |
_a633.11 _bC48 |
| 110 | 2 | _aCentro Internacional de Mejoramiento de Maíz y Trigo | |
| 245 | 1 | 0 |
_aWheat research and development in Pakistán _c/by Centro Internacional de Mejoramiento de Maíz y Trigo |
| 260 |
_aMéxico, D.F. : _bCentro Internacional de Mejoramiento de Maíz y Trigo, _c1989 |
||
| 300 |
_a129 p. : _bilus. |
||
| 590 |
_aBATCH-UPD _b10 _c20130110 _lUCH01 _h1840 |
||
| 590 |
_aBATCH-UPD _b10 _c20130410 _lUCH01 _h1211 |
||
| 590 |
_aBATCH-UPD _b10 _c20130914 _lUCH01 _h2054 |
||
| 590 |
_aCONVERSION _b10 _c20130109 _lUCH01 _h1345 |
||
| 650 | 1 | 4 |
_aTrigo _xCrecimiento. _9115003 |
| 650 | 1 | 4 |
_aTrigo _xInvestigación. _9115046 |
| 650 | 1 | 4 |
_aTrigo _xPakistán. _9115072 |
| 901 | _aBK | ||
| 905 | _aMarco A. Mendoza T. | ||
| 942 | _cLIBRO | ||
| 949 |
_a633.11 C48 _bBC _cLIBRO _d33724000774436 _eLIBRO _h96715 _i92154 _kDonaciØn _si |
||
| 999 |
_c80706 _d80706 |
||